000 00778nam a2200193 a 4500
001 000020886
005 20200930011201.0
008 100821s|||| xxu r 000 0 spa d
040 _aDO-SdBNP
_bspa
_cBNPHU
082 _a225
_bD167m
100 1 _aDana, H. E.,
_943776
245 1 3 _aEl mundo del nuevo testamento :
_bBreve esquema de la historia y las condiciones que constituyeron el fondo del nuevo testamento /
_cH. E. Dana ; traducción de la tercera edición por Idelfonso Villarello.
260 _aEl Paso, Texas :
_bCasa Bautista de Publicaciones,
_c19??
300 _a285 p. ;
_c20 cm.
504 _aIncluye referencias bibliográficas y notas al pie de las páginas.
650 4 _aBiblia.
_xN.t.
_934737
700 1 _aVillarello, Idelfonso,
_etr.
_943777
049 _aBNGR
999 _c20389
_d20389